TH-SOF-1609-Artificial Immune System (AIS) - A Soft Computing Based Approach for Electroencephalography (EEG) Signal Classification (Record no. 576872)
[ view plain ]
| 000 -LEADER | |
|---|---|
| fixed length control field | 00518nam a22001577a 4500 |
| 003 - CONTROL NUMBER IDENTIFIER | |
| control field | NUST |
| 038 ## - RECORD CONTENT LICENSOR | |
| Staff Name | baig |
| 082 ## - DEWEY DECIMAL CLASSIFICATION NUMBER | |
| Classification number | 200 THE |
| 100 ## - MAIN ENTRY--PERSONAL NAME | |
| Personal name | Nasir Rashid |
| 9 (RLIN) | 69714 |
| 110 ## - MAIN ENTRY--CORPORATE NAME | |
| Corporate name or jurisdiction name as entry element | Supervised by Dr Javaid Iqbal |
| 9 (RLIN) | 84151 |
| 245 ## - TITLE STATEMENT | |
| Title | TH-SOF-1609-Artificial Immune System (AIS) - A Soft Computing Based Approach for Electroencephalography (EEG) Signal Classification |
| 260 ## - PUBLICATION, DISTRIBUTION, ETC. | |
| Place of publication, distribution, etc. | ISLAMABAD |
| Name of publisher, distributor, etc. | NUST COLLEGE OF EME |
| Date of publication, distribution, etc. | 2019 |
| 563 ## - BINDING INFORMATION | |
| Binding note | hb |
| 650 ## - SUBJECT ADDED ENTRY--TOPICAL TERM | |
| Topical term or geographic name entry element | PHD MECHATRONICS ENGINEERING PHDTHESIS |
| 9 (RLIN) | 69715 |
| 942 ## - ADDED ENTRY ELEMENTS (KOHA) | |
| Koha item type | Computer Files |
| Source of classification or shelving scheme | |
| Withdrawn status | Lost status | Damaged status | Not for loan | Permanent Location | Current Location | Shelving location | Date acquired | Total Checkouts | Full call number | Barcode | Date last seen | Price effective from | Koha item type |
|---|---|---|---|---|---|---|---|---|---|---|---|---|---|
| College of Electrical & Mechanical Engineering (CEME) | College of Electrical & Mechanical Engineering (CEME) | Reference | 11/06/2019 | 200 THE | TH-SOF-1609 | 06/28/2021 | 06/28/2021 | Computer Files |
